000
00279nam a2200121Ia 4500
008
150731s2011 xx 000 0 und d
082
_a
611
_b
H 11 S
100
_a
SHANKHDHAR, RAMA
245
_a
HUMAN ANATOMY
260
_b
AITBS PUB.INDIA
_c
2011
300
_a
311
942
_2
ddc
_c
BK
999
_c
7980
_d
7980